Jie mei men, wo bu shi jiao ni huai (Chinese) = Don't use me, because I am nice

Bibliographic Details
Main Author: Xunyicao zhu
Format: Book
Published: Taibei xian chulin : Tai yang shi wen hua shi ye , 2006
Subjects:

MARC

LEADER 00000cam a2200000 7i4500
001 0000027084
005 20090813.0
008 090813
020 |a 957470484X 
090 0 0 |a 177.2   |b XUN 
100 1 |a Xunyicao zhu 
245 1 0 |a Jie mei men, wo bu shi jiao ni huai (Chinese) = Don't use me, because I am nice   |c Xunyicao zhu 
260 |a Taibei xian chulin :   |b Tai yang shi wen hua shi ye ,   |c 2006 
650 0 |a Conduct of life 
650 0 |a Women conduct of life 
999 |a 0001037247   |b Book   |c Chinese Collection   |e Perbadanan Perpustakaan Awam Johor